| 000 | 01228cam a22002054a 4500 | ||
|---|---|---|---|
| 005 | 20250605164230.0 | ||
| 008 | 250528s ||||||||||||||||||||||||d | ||
| 035 | _a20939 | ||
| 020 | _a9780702055041 | ||
| 040 |
_aGR-AtMCL _bgre _dGR-AtMCL _eAACR2 |
||
| 245 | 1 | _aNeuromusculoskeletal Examination Assessment / A Handbook for Therapists: Fourth Edition | |
| 250 | _a4th | ||
| 260 |
_bChurchill Livingstone - Elsevier, _c2011 |
||
| 300 | _a462 | ||
| 520 | _aThis textbook provides a comprehensive and systematic guide to the examination and assessment of patients with neuromusculoskeletal dysfunction. Foreword, Preface, Introduction, Subjective Examination, Physical Examination, Assessment, Examination of the Temporomandibular Region, Examination of the Upper Cervical Region, Examination of the Cervicothoracic Region, Examination of the Thoracic Region, Examination of the Shoulder Region, Examination of the Elbow Region, Examination of the Wrist and Hand, Examination of the Lumbar Region, Examination of the Pelvis, Examination of the Hip Region, Examination of the Knee Region, Examination of the Foot and Ankle, Index. | ||
| 700 | 1 |
_aPetty Nicola J _96927 |
|
| 942 | _cBK | ||
| 999 |
_c6016 _d6016 |
||